000 02662njm a2200433Ia 4500
001 21068
003 IT-RoPAU
005 20220918181118.0
008 131025s9999 xx 000 0 und d
040 _aIT-RoPAU
040 _cIT-RoPAU
041 _aITALIANO
999 _c99574
_d99574
999 _bn.d.
100 _aAA.VV.
_9794
100 _eAutore musica
_94710
100 _gCodice autore musica SPICS: 12000
_9796
245 _aErba di casa mia (Lp Cgd 65411)
250 _a1a ed.
260 _aMILANO
260 _bCGD - MESSAGGERIE MUSICALI
_c1972 [1a Ed.:1972 - Ed. Lingua Orig.: 1972]
300 _aDISCO
500 _aCanzone italiana.
505 _aErba di casa mia - La tua innocenza - Ti ruberei - L'infinito - Io di più - Amore, cuore mio (dal film "Joe Valachi, i segreti di Cosa Nostra") - Vent'anni - Se bruciasse la città - Rose rosse - Io e te - Adagio veneziano - Aranjuez
650 _aCANZONE ITALIAN [DISCHI]
_eCodice MATERIA SPICS: 9950
_94711
700 _aRanieri Massimo
_gCodice interprete SPICS: 11108
_4Interprete
_94712
700 _aSavio G.
_gCodice autore musica SPICS: 14082
_4Autore musica
_pErba di casa mia - Ti ruberei - L'infinito - Vent'anni - Se bruciasse la città
_94713
700 _aPolito
_gCodice autore musica SPICS: 13987
_4Autore musica
_pErba di casa mia - Ti ruberei - L'infinito - Vent'anni - Se bruciasse la città - Rose rosse
_94714
700 _aBigazzi Giancarlo
_gCodice autore testo/musica SPICS: 13839
_4Autore testo/musica
_pErba di casa mia - Ti ruberei - L'infinito - Io di più - Vent'anni - Se bruciasse la città - Rose rosse - Adagio veneziano - Aranjuez
_94715
700 _aCavallaro
_gCodice autore musica SPICS: 13858
_4Autore musica
_pLa tua innocenza
_94716
700 _aLimiti P.
_gCodice autore testo/musica SPICS: 13869
_4Autore testo/musica
_pLa tua innocenza
_94717
700 _aVibio
_gCodice autore musica SPICS: 24543
_4Autore musica
_pIo di più
_94718
700 _aOrtolani Riz
_gCodice autore musica SPICS: 11049
_4Autore musica
_pAmore, cuore mio (dal film "Joe Valachi, i segreti di Cosa Nostra")
_94719
700 _aPallavicini Vito
_gCodice autore testo/musica SPICS: 13656
_4Autore testo/musica
_pAmore, cuore mio (dal film "Joe Valachi, i segreti di Cosa Nostra")
_94720
700 _aPace Daniele
_gCodice autore musica SPICS: 13856
_4Autore musica
_pIo e te
_94721
700 _aMorricone Ennio
_gCodice autore testo/musica SPICS: 3535
_4Autore testo/musica
_pIo e te
_94722
700 _aMarcello Benedetto
_gCodice autore musica SPICS: 8256
_4Autore musica
_pAdagio veneziano
_94723
700 _aRodrigo
_gCodice autore musica SPICS: 24544
_4Autore musica
_pAranjuez
_94724
942 _cMD
_2ddc